Палеография, кодикология, дипломатика (Запись № 4528577)
[ простой вид ]
| 000 -МАРКЕР | |
|---|---|
| контрольное поле | 02240nam0a2200349 i 4500 |
| 001 - ИДЕНТИФИКАТОР ЗАПИСИ | |
| контрольное поле | RU\NLR\bibl\2038926 |
| 005 - ИДЕНТИФИКАТОР ВЕРСИИ | |
| контрольное поле | 20260407094955.0 |
| 010 ## - МЕЖДУНАРОДНЫЙ СТАНДАРТНЫЙ НОМЕР КНИГИ (ISBN) | |
| Номер (ISBN) | 9785940673811 |
| Тираж | 120 |
| 021 ## - НОМЕР ГОСУДАРСТВЕННОЙ РЕГИСТРАЦИИ | |
| Код страны | Российская Федерация |
| Номер | 2013-34600 |
| Номер Листа государственной регистраци | 2370 |
| 035 ## - ДРУГИЕ СИСТЕМНЫЕ НОМЕРА | |
| Идентификатор записи | (NLR Aleph) 002026262 |
| 100 ## - ДАННЫЕ ОБЩЕЙ ОБРАБОТКИ | |
| Данные общей обработки | 20130603d2013 k y0rusy50 ca |
| 101 0# - ЯЗЫК РЕСУРСА | |
| Язык текста, звукозаписи и т.д. | русский |
| 102 ## - СТРАНА ПУБЛИКАЦИИ ИЛИ ПРОИЗВОДСТВА | |
| Страна публикации | Российская Федерация |
| 105 ## - ПОЛЕ КОДИРОВАННЫХ ДАННЫХ: ТЕКСТОВЫЕ МАТЕРИАЛЫ, МОНОГРАФИЧЕСКИЕ | |
| Кодированные данные о монографическом текстовом документе | a ||||||||| |
| 200 1# - ЗАГЛАВИЕ И СВЕДЕНИЯ ОБ ОТВЕТСТВЕННОСТИ | |
| Основное заглавие | Палеография, кодикология, дипломатика |
| Сведения, относящиеся к заглавию | современный опыт исследования греческих, латинских и славянских рукописей и документов |
| -- | материалы Международной научной конференции в честь 75-летия доктора исторических наук, члена-корреспондента Афинской Академии Бориса Львовича Фонкича, Москва, 27-28 февраля 2013 г. |
| Первые сведения об ответственности | [редкол.: И.Г. Коновалова (отв. ред.) и др.] |
| 210 ## - ПУБЛИКАЦИЯ, РАСПРОСТРАНЕНИЕ И ДР. | |
| Место издания, распространения и т.д. | Москва |
| Имя издателя, распространителя и т. д. | ИВИ |
| Дата издания, распространения и т.д. | 2013 |
| 215 ## - ФИЗИЧЕСКАЯ ХАРАКТЕРИСТИКА | |
| Специфическое обозначение материала и объем | 397 с. |
| Другие сведения о физической характеристике | ил. |
| Размеры | 21 |
| 300 ## - ОБЩИЕ ПРИМЕЧАНИЯ | |
| Текст примечания | В надзаг.: Рос. акад. наук, Ин-т всеобщей истории, Отдел "Спец. ист. дисциплины", Центр "Палеография, кодикология, дипломатика" |
| 320 ## - ПРИМЕЧАНИЯ О НАЛИЧИИ В ДОКУМЕНТЕ БИБЛИОГРАФИИ / УКАЗАТЕЛЯ | |
| Текст примечания | Библиогр. в подстроч. примеч. |
| 606 ## - НАИМЕНОВАНИЕ ТЕМЫ КАК ПРЕДМЕТ | |
| Наименование темы | Вспомогательные исторические дисциплины |
| Формальный подзаголовок | Сборники |
| Системный номер авторитетной/нормативной записи | 1142435 |
| Идентификатор авторитетной/нормативной записи | RU\NLR\auth\66136437 |
| 686 ## - ИНДЕКСЫ ДРУГИХ КЛАССИФИКАЦИЙ | |
| Индекс | Т2я43 |
| 702 #1 - ИМЯ ЛИЦА - ВТОРИЧНАЯ ОТВЕТСТВЕННОСТЬ | |
| Код отношения | Редактор |
| Графика поля | Кириллица |
| Материалы, к которым относится поле | rus |
| Начальный элемент ввода | Коновалова |
| Часть имени, кроме начального элемента ввода | И. Г. |
| Даты | 1954- |
| Расширение инициалов личного имени | Ирина Геннадиевна |
| Системный номер авторитетной/нормативной записи | 203781 |
| Идентификатор авторитетной/нормативной записи | RU\NLR\AUTH\770203832 |
| 702 #1 - ИМЯ ЛИЦА - ВТОРИЧНАЯ ОТВЕТСТВЕННОСТЬ | |
| Код отношения | Прочие |
| Графика поля | Кириллица |
| Материалы, к которым относится поле | rus |
| Начальный элемент ввода | Фонкич |
| Часть имени, кроме начального элемента ввода | Б. Л. |
| Даты | 1938-2021 |
| Расширение инициалов личного имени | Борис Львович |
| Системный номер авторитетной/нормативной записи | 146840 |
| Идентификатор авторитетной/нормативной записи | RU\NLR\AUTH\770146876 |
| 712 02 - НАИМЕНОВАНИЕ ОРГАНИЗАЦИИ - ВТОРИЧНАЯ ОТВЕТСТВЕННОСТЬ | |
| Код отношения | Прочие |
| Начальный элемент ввода | Институт всеобщей истории |
| Идентифицирующий признак | Москва |
| Структурное подразделение | Центр "Палеография, кодикология, дипломатика" |
| Идентификатор авторитетной/нормативной записи | RU\NLR\AUTH\8810052852 |
| Системный номер авторитетной/нормативной записи | 606126 |
| 801 #0 - ИСТОЧНИК ЗАПИСИ | |
| Страна | Российская Федерация |
| Организация | NLR |
| Дата составления | 20130603 |
| Правила каталогизации | RCR |
| 801 #1 - ИСТОЧНИК ЗАПИСИ | |
| Страна | Российская Федерация |
| Организация | NLR |
| Дата составления | 20130603 |
| 942 ## - ДОПОЛНИТЕЛЬНЫЕ ЭЛЕМЕНТЫ ЗАПИСИ (АБИС) | |
| Тип экземпляра АБИС | Книга |
| 980 ## - КОЛЛЕКЦИЯ | |
| Название коллекции | НБР |
Нет доступных экземпляров.